| 000 | 00371nam a2200157Ia 4500 | ||
|---|---|---|---|
| 008 | 160316s1983 xxu||||| |||| 00| 0 eng d | ||
| 082 |
_a340.070273 _bCOH |
||
| 100 | _aCohen Morris L | ||
| 245 | _aHow to find the Law | ||
| 250 | _a8th | ||
| 260 |
_aNew York _bWest Publishing Co. _c1983 |
||
| 300 |
_a790p _b _c |
||
| 365 | _bGratis | ||
| 650 | _a1. Law | ||
| 700 |
_a _a |
||
| 999 |
_c12251 _d12251 |
||